zpět

Detail výsledku týmu

Stodola, Olomouc

Datum a čas kvízu

30.5 Celkem bodů Celkový počet nahraných bodů na tomto kvízu bez doplňovacích otázek.
11. Pořadí na kvízu Konečné umístění týmu na tomto kvízu.

Zaznamenané odpovědi

# Otázka Odpověď Body Výsledky
1. Jak se jmenuje tento muž, kter... Vladimír Balaš 1
2. Minulý týden vyšla zpráva o to... D) papoušky 0
3. Minulý týden byly rozděleny pr... Patrik Banga 0
4. Japonská společnost Sega oznám... Angry Birds 1
5. Minulý týden začal soudní proc... Roman Berbr, Plzeň 0
6. O slovanských bozích a mýtech... Vesna 1
7. Níže zobrazený český lékař a b... Jan Evangelista Purkyně, Živa 0
8. Známou mýtickou bytostí slovan... třikrát 0
9. Seřaďte tyto slovanské svátky... 1A 2D 3B 4C 0
10. Ve fantasy románu Američtí ___... Američtí bohové, Neil Gaiman 0.5